书目信息 |
| 题名: |
选之乐
|
|
| 作者: | 李烈 主编 | |
| 分册: | 数学篇 | |
| 出版信息: | 北京 北京师范大学出版社 2018 |
|
| 页数: | 377页 | |
| 开本: | 23cm | |
| 丛书名: | ||
| 单 册: | ||
| 中图分类: | G622.41 , G623.502 | |
| 科图分类: | ||
| 主题词: | 教学法--jiao xue fa--小学 , 小学数学课--xiao xue shu xue--教学法 | |
| 电子资源: | ||
| ISBN: | 978-7-303-24108-8 | |
| 000 | 01024nam0 2200289 450 | |
| 001 | 012001003575 | |
| 005 | 20131013153202.0 | |
| 010 | @a978-7-303-24108-8@dCNY60.00 | |
| 099 | @aCAL 012019044887 | |
| 100 | @a20190119d2018 em y0chiy50 ea | |
| 101 | 0 | @achi |
| 102 | @aCN@b110000 | |
| 105 | @aa z 000yy | |
| 106 | @ar | |
| 200 | 1 | @a选之乐@Axuan zhi le@e“平行选修课”课例集锦@i数学篇@f李烈主编 |
| 210 | @a北京@c北京师范大学出版社@d2018 | |
| 215 | @a377页@c图@d23cm | |
| 300 | @a北京市教育科学“十三五”规划2016年度一般课题“未来学习方式在小学数学教学中的探索探究”的研究成果 | |
| 330 | @a本书收录了北京第二实验小学“平行选修课”的经典教学案例,给小学数学课程改革提供重要参考。 | |
| 517 | 1 | @a“平行选修课”课例集锦@A“ ping xing xuan xiu ke ” ke li ji jin |
| 606 | 0 | @a教学法@Ajiao xue fa@x小学 |
| 606 | 0 | @a小学数学课@Axiao xue shu xue@x教学法 |
| 690 | @aG622.41@v5 | |
| 690 | @aG623.502@v5 | |
| 701 | 0 | @a李烈@Ali lie@4主编 |
| 801 | @b江苏凤凰@c20191020 | |
| 905 | @b1233305-8@dG622.41@e862@f4 | |
| 选之乐:“平行选修课”课例集锦.数学篇/李烈主编.-北京:北京师范大学出版社,2018 |
| 377页:图;23cm |
| 北京市教育科学“十三五”规划2016年度一般课题“未来学习方式在小学数学教学中的探索探究”的研究成果 |
| ISBN 978-7-303-24108-8:CNY60.00 |
| 本书收录了北京第二实验小学“平行选修课”的经典教学案例,给小学数学课程改革提供重要参考。 |
| ● |
| 相关链接 |
|
|
|
|
正题名:选之乐
索取号:G622.41/862
 
预约/预借
| 序号 | 登录号 | 条形码 | 馆藏地/架位号 | 状态 | 备注 |
| 1 | 1233305 | 212333054 | 第一样本阅览室/ [索取号:G622.41/862] | 在馆 | |
| 2 | 1233306 | 212333063 | 第四借阅区/ [索取号:G622.41/862] | 在馆 | |
| 3 | 1233307 | 212333072 | 第四借阅区/ [索取号:G622.41/862] | 在馆 | |
| 4 | 1233308 | 212333081 | 教育系资料室/ [索取号:G622.41/862] | 在馆 |